[Event "Portoroz op"]
[Site "Portoroz"]
[Date "2005.05.01"]
[Round "8"]
[White "Ivetic, Saso"]
[Black "Veber, Bojan"]
[Result "0-1"]
[WhiteElo "2003"]
[BlackElo "2132"]
[PlyCount "84"]
[EventDate "2005.04.26"]
[EventType "swiss"]
[EventRounds "7"]
[EventCountry "SLO"]
[SourceTitle "EXT 2006"]
[Source "ChessBase"]
[SourceDate "2005.11.24"]
[SourceVersion "1"]
[SourceVersionDate "2005.11.24"]
[SourceQuality "1"]

1. e4 d6 2. d4 Nf6 3. Nc3 g6 4. Be3 c6 5. Qd2 b5 6. f3 Nbd7 7. g4 Nb6 8. g5 Nfd7 9. d5 Ne5 10. dxc6 Nbc4 11. Bxc4 Nxc4 12. Qd4 e5 13. Qd3 Qa5 14. Bd2 Be7 15. Nge2 Be6 16. Nd5 Nxd2 17. Qxd2 Qxd2+ 18. Kxd2 Bxg5+ 19. Kd3 Rc8 20. h4 Bd8 21. a4 b4 22. Nxb4 a5 23. Nd5 Rxc6 24. Nec3 0-0 25. b4 axb4 26. Nxb4 Bc4+ 27. Kd2 Rc5 28. Nd3 Rc8 29. a5 Ra8 30. Nb2 Ba6 31. Nd5 f5 32. Nb4 fxe4 33. fxe4 Bb7 34. a6 Bxe4 35. Rh2 Rf4 36. N2d3 Rxh4 37. Rf2 Bb6 38. Re2 Bf3 39. Ree1 Bd4 40. Ra5 Rh2+ 41. Kc1 Bc3 42. Rf1 Be2 0-1